| 000 | 01080nas a2200265Ia 4500 | ||
|---|---|---|---|
| 001 | R454/2929 | ||
| 003 | IT-RoPAU | ||
| 008 | 151124c99999999xx |||||||||||| ||und|| | ||
| 040 | _aIT-RoPAU | ||
| 040 | _cIT-RoPAU | ||
| 041 | _aITALIANO | ||
| 100 |
_aAA.VV. _gCodice Aut. SPICS: 12000 |
||
| 210 | _aCIVILTA' CATTOLICA (LA) | ||
| 222 | _aCivilta' Cattolica (La) | ||
| 245 |
_aCIVILTA' CATTOLICA (LA), ANNO 005-VOL.05 (1854) _bCivilta' Cattolica (La), Anno 005-Vol.05 (1854) |
||
| 250 | _a1a ed. | ||
| 260 |
_aNAPOLI/ROMA _bCIVILTA' CATTOLICA _c1854 |
||
| 501 |
_bPaulus - SPICS - Società San Paolo EM (non-commercial uses only) _cCopyright2015 |
||
| 300 | _a720 p. | ||
| 310 | _aQUINDICINALE | ||
| 362 | _aANNO 005, VOL.05 (1854) | ||
| 500 | _aFascicoli di Gennaio/Febbraio/Marzo del 1854 di Civiltà Cattolica Riuniti in un Unico Volumenatale Esautorato Dal Buon Capo D'Anno Diritto Vincitore della Forza Parola di un Cattolico Romano in Risposta Alla Parola dell'Ortodossia Greco-Russa Teatro Ital | ||
| 650 |
_aPASTORALE _vPUBBLICAZIONE PERIODICA |
||
| 942 | _cCR | ||
| 999 |
_c119504 _d119504 |
||